000 00417 a2200193 4500
260 _bBlackie
300 _axiv-397 p.
100 _aMEISELMAN, H. L.
700 _aMacFIE, H. J. H.
650 _aNutrition
650 _aSens du goût
260 _aLondon
300 _bill.
260 _c1996
440 _aFood choice, acceptance and consumption
130 _lEn.
020 _a0-7514-0192-7
999 _c25115
_d25115